Les villes de la coupe du monde de football ? - Statistiques

Statistiques générales
  • Ce quiz a été pris 40 fois
  • Le résultat moyen est 59 sur 170
Statistiques - réponses
Année du premier match Ville % Correct
1998 Lyon
97%
1938 Paris
97%
1974 Berlin (-Ouest)
94%
1938 Marseille
94%
1974 Munich
91%
1934 Rome
91%
1934 Milan
88%
2018 Moscou
88%
1950 Rio de Janeiro
88%
1938 Lille
84%
1938 | 1998 Toulouse
84%
1934 Turin
84%
1982 Barcelone
81%
1938 Bordeaux
81%
2014 Brasilia
81%
1982 Madrid
81%
1938 Strasbourg
81%
1998 Nantes
78%
2018 Saint-Pétersbourg
78%
1998 Saint-Étienne
75%
1974 Francfort-sur-le-Main
72%
1998 Montpellier
72%
1934 Naples
72%
1950 Sao Paulo
72%
2002 Séoul
72%
1982 Séville
72%
1978 Buenos Aires
69%
2022 Doha
69%
1974 Dortmund
69%
2010 Johannesbourg
69%
1982 Valence
69%
1982 Bilbao
66%
1934 Gênes
66%
1966 Londres
66%
1970 Mexico
66%
1930 Montevideo
66%
1934 Florence
63%
1974 Hambourg
63%
2010 Le Cap
63%
1998 Lens
63%
1966 Liverpool
59%
2010 Pretoria
56%
1998 Saint-Denis
56%
1990 Bari
53%
1966 Birmingham
53%
2006 Cologne
53%
1982 La Corogne
53%
2006 Leipzig
53%
1994 Chicago
50%
1990 Palerme
50%
1974 Stuttgart
50%
1934 Bologne
44%
1974 Hanovre
44%
2018 Kazan
44%
1982 Malaga
44%
1982 Saragosse
44%
1982 Vigo
44%
1954 Zurich
44%
1954 Berne
41%
1994 Dallas
41%
1974 Gelsenkirchen
41%
1970 Guadalajara
41%
1958 Malmö
41%
2002 Osaka
41%
1950 Recife
41%
1938 Reims
41%
1994 Washington
41%
1990 Udine
38%
1950 Belo Horizonte
34%
1974 Düsseldorf
34%
1954 Genève
34%
2006 Nuremberg
34%
1990 Vérone
34%
1990 Cagliari
31%
2010 Durban
31%
1958 Göteborg
31%
1954 Lausanne
31%
1938 Le Havre
31%
2014 Manaus
31%
1978 Rosario
31%
1966 Sheffield
31%
2018 Volgograd
31%
2002 Yokohama
31%
2002 Busan
28%
1994 Pasadena
28%
1954 Bâle
25%
2018 Iekaterinbourg
25%
1954 Lugano
25%
2022 Lusail
25%
1986 Monterrey
25%
2018 Nijni Novgorod
25%
1994 Orlando
25%
1982 Oviedo
25%
2018 Rostov-sur-le-Don
25%
1982 Valladolid
25%
1982 Alicante
22%
2010 Bloemfontein
22%
1938 Colombes
22%
1978 Cordoba
22%
1982 Gijon
22%
2018 Kaliningrad
22%
2002 Kobe
22%
2010 Port Elizabeth
22%
1950 Porto Alegre
22%
2014 Salvador
22%
2002 Sapporo
22%
2014 Fortaleza
19%
1982 Elche
16%
2006 Kaiserslautern
16%
1970 Leon
16%
2018 Samara
16%
1958 Solna
16%
1966 Sunderland
16%
2022 Al-Khor
13%
2022 Al-Rayyan
13%
2022 Al-Wakrah
13%
1938 Antibes
13%
1950 Curitiba
13%
2002 Daegu
13%
2002 Incheon
13%
1970 Puebla
13%
1934 Trieste
13%
2014 Cuiaba
9%
1978 Mar del Plata
9%
1978 Mendoza
9%
2010 Nelspruit
9%
2010 Polokwane
9%
2002 Ulsan
9%
2002 Daejeon
6%
1994 Foxborough
6%
2002 Gwangju
6%
2002 Jeonju
6%
1966 Middlesbrough
6%
2014 Natal
6%
2002 Niigata
6%
1958 Norrköping
6%
2002 Oita
6%
2002 Saitama
6%
2018 Saransk
6%
2002 Seogwipo
6%
2002 Shizuoka
6%
2002 Suwon
6%
1962 Arica
3%
1958 Boras
3%
1994 East Rutherford
3%
1958 Eskilstuna
3%
1958 Halmstad
3%
1958 Helsingborg
3%
1986 Irapuato
3%
1986 Nezahualcoyotl
3%
1958 Örebro
3%
1994 Pontiac
3%
1962 Rancagua
3%
1958 Sandviken
3%
1986 Santiago de Queretaro
3%
1994 Stanford
3%
1970 Toluca
3%
1958 Uddevalla
3%
1958 Västeras
3%
1962 Viña del Mar
3%
2018 Adler
0%
2002 Kashima
0%
1962 Ñuñoa
0%
2010 Phokeng
0%
2002 Rifu
0%
1986 San Nicolás de los Garza
0%
2014 São Lourenço da Mata
0%
1966 Stretford
0%
1986 Zapopan
0%
Aucun quiz correspondant
Distribution des résultats
% des personnes avec chaque résultat
Percentile par nombre de réponses
Votre historique - résultats
Vous n’avez pas pris ce quiz